MARC

LEADER 00000nam0a2200000 4500
001 297446
005 20231102001016.0
035 |a (RuTPU)RU\TPU\book\322579 
090 |a 297446 
100 |a 20150608d1954 k y0rusy50 ca 
101 0 |a rus 
102 |a RU 
105 |a a z 001zy 
200 1 |a Химический анализ вод суши при стационарном их изучении  |f О. А. Алекин 
210 |a Ленинград  |c Гидрометеоиздат  |d 1954 
215 |a 199 с.  |c ил. 
320 |a Библиогр.: с. 171-174. 
606 1 |a Воды поверхностные  |x Гидрохимия  |2 stltpush  |3 (RuTPU)RU\TPU\subj\3147  |9 31602 
610 1 |a химический анализ 
610 1 |a полевые условия 
610 1 |a пробы 
610 1 |a определения 
610 1 |a методы 
610 1 |a вычисления 
610 1 |a расчеты 
610 1 |a оборудование 
610 1 |a реактивы 
610 1 |a таблицы 
675 |a 556.531  |v 4 
700 1 |a Алекин  |b О. А.  |g Олег Александрович 
801 1 |a RU  |b 63413507  |c 20150608 
801 2 |a RU  |b 63413507  |c 20221201  |g RCR 
942 |c BK